MARC details
| 000 -LEADER |
| fixed length control field |
01436nam a2200337 i 4500 |
| 003 - CONTROL NUMBER IDENTIFIER |
| control field |
EG-GICUC |
| 005 - DATE AND TIME OF LATEST TRANSACTION |
| control field |
20260510185824.0 |
| 008 - FIXED-LENGTH DATA ELEMENTS--GENERAL INFORMATION |
| fixed length control field |
260419s1995 nyu||||fr|||| 00| 0 eng d |
| 040 ## - CATALOGING SOURCE |
| Original cataloging agency |
EG-GiCUC |
| Language of cataloging |
eng |
| Transcribing agency |
EG-GiCUC |
| Modifying agency |
EG-GiCUC |
| Description conventions |
rda |
| 041 ## - LANGUAGE CODE |
| Language code of text/sound track or separate title |
eng |
| Language code of original |
eng |
| -- |
fre |
| 082 04 - DEWEY DECIMAL CLASSIFICATION NUMBER |
| Edition number |
21 |
| Classification number |
341.511 |
| Item number |
IN.N |
| 092 04 - LOCALLY ASSIGNED DEWEY CALL NUMBER (OCLC) |
| Edition number |
21 |
| 099 ## - LOCAL FREE-TEXT CALL NUMBER (OCLC) |
| Classification number |
Law1 11 341.511 IN.N 1953 |
| 110 ## - MAIN ENTRY--CORPORATE NAME |
| Form subheading |
International Court Of Justice |
| Relator term |
Author. |
| 245 ## - TITLE STATEMENT |
| Title |
Nottebohm Case (Liechtenstein v. Guatemala) : |
| Remainder of title |
Judgments Of November 18th, 1953, And April 6th, 1955 . |
| Number of part/section of a work |
Vol.2 : |
| Name of part/section of a work |
Oral arguments.-Documents. Correspondence / |
| Statement of responsibility, etc. |
International Court Of Justice . |
| 246 1# - VARYING FORM OF TITLE |
| Title proper/short title |
AFFAIRE NOTTEBОНМ (LIECHTENSTEIN c. GUATEMALA : |
| Remainder of title |
ARRÊTS DU 18 NOVEMBRE 1953 ET DU 6 AVRIL 1955 . |
| 264 ## - PRODUCTION, PUBLICATION, DISTRIBUTION, MANUFACTURE, AND COPYRIGHT NOTICE |
| Place of production, publication, distribution, manufacture |
Nether Land : |
| Name of producer, publisher, distributor, manufacturer |
International Court Of Justice , |
| Date of production, publication, distribution, manufacture, or copyright notice |
1953 . |
| 300 ## - PHYSICAL DESCRIPTION |
| Extent |
708 pages , |
| Dimensions |
24 cm |
| 336 ## - CONTENT TYPE |
| Source |
rda content |
| Content type term |
text |
| 337 ## - MEDIA TYPE |
| Source |
rda media |
| Media type term |
Computer |
| 338 ## - CARRIER TYPE |
| Source |
rda carrier |
| Carrier type term |
Online Resource |
| 490 ## - SERIES STATEMENT |
| Series statement |
Pleadings, Oral Arguments, Documents |
| 500 ## - GENERAL NOTE |
| General note |
Includes Index Pages 664-692.<br/>The book is written in two languages, English and French, with each page translated from English to French in the front page. |
| 546 ## - LANGUAGE NOTE |
| Language note |
Parallel text in English and French |
| 650 1# - SUBJECT ADDED ENTRY--TOPICAL TERM |
| Topical term or geographic name entry element |
International law |
| 650 1# - SUBJECT ADDED ENTRY--TOPICAL TERM |
| Topical term or geographic name entry element |
International courts |
| 651 1# - SUBJECT ADDED ENTRY--GEOGRAPHIC NAME |
| Source of heading or term |
qrmak |
| 856 40 - ELECTRONIC LOCATION AND ACCESS |
| Uniform Resource Identifier |
<a href="https://fll.law.cu.edu.eg/fulltext/bks/B11-07179.pdf">https://fll.law.cu.edu.eg/fulltext/bks/B11-07179.pdf</a> |
| 905 ## - Cataloger and Reviser Names |
| Cataloger Name: |
Hager Sameh |
| 942 ## - ADDED ENTRY ELEMENTS (KOHA) |
| Source of classification or shelving scheme |
Dewey Decimal Classification |
| Koha item type |
Books |
| Edition |
21 |
| Suppress in OPAC |
No |